000 01191cam a2200133 4500500
005 20260329023137.0
041 _afre
042 _adc
100 1 0 _aVanier, Alain
_eauthor
245 0 0 _aUne introduction à la psychanalyse
260 _bArmand Colin,
_c2018.
520 _aCet ouvrage propose une présentation des principales notions de la psychanalyse à partir de plusieurs approches, afin de cerner d’une façon non dogmatique les questions toujours critiques qu’ouvre la méthode analytique. Ainsi sont abordés les concepts fondamentaux de la doctrine, saisis dans l’histoire où ils sont produits, et leurs remaniements successifs, les apports des psychanalystes contemporains postérieurs à Freud, ainsi que les questions cruciales de la pratique et de la formation qui sont difficilement séparables de la situation du mouvement psychanalytique aujourd’hui. Conçu comme une sorte de guide, c’est un large panorama des problèmes actuels de la psychanalyse et du point d’avancée des élaborations théoriques qui est ici esquissé.
856 4 1 _uhttps://shs.cairn.info/une-introduction-a-la-psychanalyse--9782200622787?lang=fr&redirect-ssocas=7080
999 _c1925039
_d1925039